000
00269nam a2200097Ia 4500
001
643392
005
20250826153545.0
008
250824s9999 xx 000 0 und d
245
0
_a
HÜRRİYET SEVDALISI HALİDE EDİB ADIVAR
_c
RECEP ŞÜKRÜ APUHAN
260
_b
GENÇ TİMAŞ
999
_c
643392
_d
643392